Management of Purushartha: (Record no. 190105)

MARC details
000 -LEADER
fixed length control field 00587nam a22001817a 4500
005 - DATE AND TIME OF LATEST TRANSACTION
control field 20231114154647.0
010 ## - LCCN (DPL NO)
LC control number ENG-133636
020 ## - INTERNATIONAL STANDARD BOOK NUMBER
Terms of availability 350.00
035 ## - SYSTEM CONTROL NUMBER
System control number EN-117168
037 ## - SOURCE OF ACQUISITION
Source of stock number/acquisition DBAD/PUB
082 ## - DEWEY DECIMAL CLASSIFICATION NUMBER
Classification number 230.1
100 ## - MAIN ENTRY--PERSONAL NAME
Personal name Manoharji, Goswami Shyam
245 ## - TITLE STATEMENT
Title Management of Purushartha:
Remainder of title Basic objects of human existence/
Statement of responsibility, etc By Goswami Shyam Manoharji
260 ## - PUBLICATION, DISTRIBUTION, ETC. (IMPRINT)
Place of publication, distribution, etc Mumbai
Name of publisher, distributor, etc Goswami Shyam Manohar
270 ## - ADDRESS
Address 63, Swastik Society, 4th road, Juhu Scheme, Ville Parle
City Mumbai
Postal code 400056
300 ## - PHYSICAL DESCRIPTION
Extent 544p.
Dimensions 22cm(pbk)
942 ## - ADDED ENTRY ELEMENTS (KOHA)
Source of classification or shelving scheme Dewey Decimal Classification
Item type English Books
Classification part 230.1
Call number suffix MAN
Holdings
Withdrawn status Lost status Not for loan Collection code Home library Current library Date acquired Source of acquisition Cost, normal purchase price Full call number Barcode Copy number Cost, replacement price Koha item type
      Non-fiction Bawana Bawana 18/07/2022 DBAD/PUB 350.00 230.1 MAN EN-117168 1 350.00 English Books

© Delhi Public Library
Hit Counter
free hit counter